|
|
|
|
| LEADER |
01338nam a2200373Ia 4500 |
| 001 |
EBC1166768 |
| 003 |
MiAaPQ |
| 005 |
20200520144314.0 |
| 006 |
m o d | |
| 007 |
cr cn||||||||| |
| 008 |
121101s2013 iau sb 001 0 eng d |
| 010 |
|
|
|z 2012040686
|
| 020 |
|
|
|z 9780813815435 (hardback)
|
| 020 |
|
|
|a 9781118530696 (electronic bk.)
|
| 020 |
|
|
|a 9781118530702 (electronic bk.)
|
| 035 |
|
|
|a (MiAaPQ)EBC1166768
|
| 035 |
|
|
|a (Au-PeEL)EBL1166768
|
| 035 |
|
|
|a (CaPaEBR)ebr10687860
|
| 035 |
|
|
|a (CaONFJC)MIL477704
|
| 035 |
|
|
|a (OCoLC)843193399
|
| 040 |
|
|
|a MiAaPQ
|c MiAaPQ
|d MiAaPQ
|
| 050 |
|
4 |
|a TS1955
|b .S35 2013
|
| 082 |
0 |
4 |
|a 641.3/6
|2 23
|
| 245 |
0 |
4 |
|a The science of meat quality
|h [electronic resource] /
|c edited by Chris R. Kerth.
|
| 260 |
|
|
|a Ames, Iowa :
|b Wiley-Blackwell,
|c 2013.
|
| 300 |
|
|
|a 315 p.
|
| 504 |
|
|
|a Includes bibliographical references and index.
|
| 533 |
|
|
|a Electronic reproduction. Ann Arbor, MI : ProQuest, 2016. Available via World Wide Web. Access may be limited to ProQuest affiliated libraries.
|
| 650 |
|
0 |
|a Meat
|x Quality.
|
| 650 |
|
0 |
|a Meat industry and trade
|x Quality control.
|
| 655 |
|
4 |
|a Electronic books.
|
| 700 |
1 |
|
|a Kerth, Chris R.
|
| 710 |
2 |
|
|a ProQuest (Firm)
|
| 856 |
4 |
0 |
|u https://ebookcentral.proquest.com/lib/matrademy/detail.action?docID=1166768
|z Click to View
|